000 00667nam a2200229 a 4500
999 _c2512
_d2512
001 2512
003 BD-JhCC
005 20220907134024.0
008 171104s2010 bg ||||| ||a| 00| 0 ben d
020 _a9848682767
035 _a(BD-JhCC)2512
040 _aBD-JhCC
_dBD-JhCC
041 _aben
082 _a891.443
_bAHM 2010
100 _aআহমেদ, হুমায়ূন
245 _aজোছনা ও জননীর গল্প /
_cহুমায়ূন আহমেদ
260 _aঢাকা :
_bঅন্য প্রকাশ,
_c2010.
300 _a527 p.
_c20 cm.
650 _aBengali Novel
942 _2ddc
_cBK
_04